| 000 | 00473nam a2200169 i 4500 | ||
|---|---|---|---|
| 001 | 47670 | ||
| 003 | ES-MaACL | ||
| 007 | t| | ||
| 008 | 030514q1851 fr ||||1| fre d | ||
| 245 | 0 | 0 | _aChants populaires de la France. |
| 260 |
_aParis : _b[s.n., _c1851?] ( _fE. De Soye) |
||
| 300 |
_a48 p. : _bil. ; _c32 cm. |
||
| 490 | 1 | _aRomans, histoires et voyages | |
| 830 | 0 |
_aRomans, histoires et voyages _9230037 |
|
| 852 |
_aES-MaACL _jFol-Laf-9 |
||
| 999 |
_c47670 _d47670 |
||